Les ennemis de the legend of zelda breath of the wild - Statistiques

Statistiques générales
  • Ce quiz a été pris 50 fois
  • Le résultat moyen est 22 sur 74
Statistiques - réponses
Zone Monstre % Correct
Plateau de la foudre Lynel
76%
Plaine d’hyrule Bokoblin bleu
74%
Plaine d’hyrule Bokoblin noir
71%
Plaine d’hyrule Bokoblin rouge
71%
Plaine d’hyrule Bokoblin d’argent
68%
Plaine d’hyrule Bokoblin d’or
68%
Plaine d’hyrule Moblin bleu
68%
Plaine d’hyrule Moblin d’argent
68%
Plaine d’hyrule Moblin noir
65%
Plaine d’hyrule Moblin rouge
65%
Marais Hinox
62%
Plaine d’hyrule Moblin d’or
62%
Château d’hyrule Lynel d’argent
59%
Château d’hyrule Lynel bleu
56%
Hyrule (nuit) Stalbokoblin
56%
Hyrule (nuit) Stalmoblin
53%
Marais Hinox bleu
50%
Marais Hinox noir
47%
Plateau d’hébra Lynel d’or
47%
Plaine d’hyrule Chuchu
44%
Désert gerudo Moldarquor
44%
Ciel d’hyrule Chauve-souris
41%
Château d’hyrule Gardien volant
41%
Volcan d’ordin Chuchu de feu
35%
Grotte de lanelle Chuchu de glace
35%
Plaines d’hyrule Lithorock
35%
Vah ́Ruta Ombre d’eau de ganon
35%
Vah’Rudania Ombre de feu de ganon
35%
Vah’Naboris Ombre de foudre de ganon
35%
Vah’Medoh Ombre de vent de ganon
35%
Volcan d’ordin Chauve-souris de feu
32%
Grotte de lanelle Chauve-souris de glace
32%
Desert gerudo Chuchu électrique
32%
Château d’hyrule Ganon le fléau
32%
Château d’hyrule Gardien tourelle
29%
Hyrule (nuit) Stalézalfos
29%
Château d’hyrule Gardien déterioré
24%
Sanctuaires Nano gardien 1.0
24%
Sanctuaires Nano gardien 2.0
24%
Sanctuaires Nano gardien 3.0
24%
Château d’hyrule Gardien à pied
21%
Sanctuaires Nano gardien 4.0
21%
Ruines brûlées Sorcier de feu
21%
Ruines des montagnes Sorcier de glace
21%
Plaine d’hyrule Ganon créature maléfique
18%
Plaines d’hyrule Lithorock nox
18%
Canyon gerudo Officier yiga
18%
Marais sans fond Sorcier électrique
18%
Plaines d’hyrule Lithorock rare
15%
Desert gerudo Octocoffre
15%
Rivières d’hyrule Octoflot
15%
Créatures divines Bokoblin maudit
12%
Volcan d’ordin Heliss
12%
Créatures divines Moblin maudit
12%
Canyon gerudo Sous-fifre yiga
12%
Ruines brûlées Sorcier brasero
9%
Puis sans fond Grand koga
6%
Créatures divines Lézalfos maudit
6%
Forêts d’hyrule Octofourré
6%
Volcan d’ordin Octopierre
6%
Ruines des montagnes Sorcier blizzaro
6%
Marais sans fond Sorcier fulguro
6%
Marécages Lézalfos
3%
Château d’hyrule Lézalfos argenté
3%
Volcan d’ordin Lézalfos de feu
3%
Montagne de lanelle Lézalfos de glace
3%
Château d’hyrule Lézalfos d’or
3%
Desert gerudo Lézalfos électrique
3%
Plaine d’hyrule Lézalfos noir
3%
Ciel d’hyrule Octociel
3%
Créatures divines Œil de rancoeur
3%
Désert gerudo Arquor EX
0%
Desert gerudo Chauve-souris électrique
0%
Sanctuaire de l’épreuve finale Miz’kyoza
0%
Aucun quiz correspondant
Distribution des résultats
% des personnes avec chaque résultat
Percentile par nombre de réponses
Votre historique - résultats
Vous n’avez pas pris ce quiz